000 00382 a2200169 4500
001 71906
020 _a850801550X
040 _cAnchieta - Colégio São Paulo
100 _aPenteado, Maria Heloísa
240 1 0 _aMadalena pipoca
_lpor
245 1 0 _aMadalena pipoca
300 _a40
362 0 _a1990
440 1 _aÁtica
650 4 _aLiteratura infanto-juvenil
942 _cBK
999 _c71906
_d71906